Principles of electricity and magnetism
Đã lưu trong:
| Príomhúdar: | |
|---|---|
| Formáid: | Leabhar |
| Teanga: | Undetermined |
| Foilsithe: |
Harrow, England
Alpha Science International Ltd
2005
|
| Ábhair: | |
| Clibeanna: |
Cuir Clib Leis
Gan Chlibeanna, Bí ar an gcéad duine leis an taifead seo a chlibeáil!
|
| Thư viện lưu trữ: | Trung tâm Học liệu Trường Đại học Cần Thơ |
|---|
| LEADER | 00523nam a2200193Ia 4500 | ||
|---|---|---|---|
| 001 | CTU_117825 | ||
| 008 | 210402s9999 xx 000 0 und d | ||
| 020 | |c 53.68 | ||
| 082 | |a 537 | ||
| 082 | |b P163 | ||
| 100 | |a Palit, Saunak | ||
| 245 | 0 | |a Principles of electricity and magnetism | |
| 245 | 0 | |c Saunak Palit | |
| 260 | |a Harrow, England | ||
| 260 | |b Alpha Science International Ltd | ||
| 260 | |c 2005 | ||
| 650 | |a electricity,magnetism | ||
| 904 | |i Truc | ||
| 980 | |a Trung tâm Học liệu Trường Đại học Cần Thơ | ||